00574nam a2200169 a 450000500170000000800410001702000180005805000220007610000160009824500430011426000390015730000090019652001270020565000440033265000120037665000160038820140412111423.0081008s19uu xx 00 eng d a0-8075-5287-9 aM 331.4bL33 1974 aLasker, Joe aMothers can do anything /cJoe Lasker. aCanada :bGeorge J. Mcleod,c1972. aunp. aText and illustrations demonstrate many occupations of mothers including a plumber, dentist, subway conductor, and others. aWoman- Employment - Juvenile literature aMothers aoccupations